01366cam a22003735i 4500999001700000001000900017003000400026005001700030008004600047020001800093020001500111040003800126082002100164100003400185245009800219250002500317264007400342300006000416336002100476337002600497338002400523500003000547500002700577500002600604500004100630650003800671650003700709651001000746653004500756700002700801700002900828942001200857952012300869 c27110d2708214656245OSt20190211110557.0061205r20142007ii a frd 1 001d0 eng a9788131208632 a813120863X aEG-ScBUEbengcEG-ScBUEdEG-ScBUE04a617.692222bROS1 932531aRosenstiel, Stephen F.10aContemporary fixed prosthodontics /cStephen F. Rosenstiel, Martin F. Land, Junhei Fujimoto.  a4th ed., Reprint ed. 1aNew Delhi :bReed Elsevier India Private Limited / Elsevier,cc.2014. axiii, 1130 pages :billustrations (some col.) ;c29 cm. 2rdacontentatxt  2rdamediaaunmediated  2rdacarrieravolume  aReprinted of the 2006 ed. aGlossary : p. 997-1083 aIndex : p. 1085-1130. aIncludes bibliographical references. 7aBridges (Dentistry)9325322BUEsh 7aCrowns (Dentistry)9325332BUEsh 2BUEsh bDDentcFebruary2013bDDentcDecember20161 aLand, Martin F.9325341 aFujimoto, Junhei.932535 2ddccBB 00102ddc4070aMAINbMAINc1STd2019-02-11eDonationl0o617.692 ROSp000044210r2025-07-15 00:00:00w2019-02-11yBB